[Event "Glorney Cup"]
[Site "Cardiff"]
[Date "2013.07.22"]
[Round "4.2"]
[White "Minnock, Eoin"]
[Black "Scott, Gordon W"]
[Result "0-1"]
[WhiteElo "1979"]
[BlackElo "2039"]
[PlyCount "109"]
[EventDate "2013.07.21"]
[EventType "team-tourn"]
[EventRounds "6"]
[EventCountry "ENG"]
[SourceTitle "CBM 155 Extra"]
[Source "ChessBase"]
[SourceDate "2013.08.26"]
[SourceVersion "1"]
[SourceVersionDate "2013.08.26"]
[SourceQuality "1"]
[WhiteTeam "Ireland"]
[BlackTeam "England"]
[WhiteTeamCountry "IRL"]
[BlackTeamCountry "ENG"]

1. e4 c5 2. Nf3 d6 3. d4 cxd4 4. Nxd4 Nf6 5. Nc3 a6 6. Be2 e5 7. Nb3 Be7 8. 0-0 0-0 9. Be3 Nc6 10. a4 Na5 11. Nxa5 Qxa5 12. Bc4 Be6 13. Nd5 Bxd5 14. Bxd5 Nxd5 15. Qxd5 Qxd5 16. exd5 f5 17. c4 f4 18. Bb6 Bd8 19. Bxd8 Rfxd8 20. a5 e4 21. Rfe1 Re8 22. Ra4 Rac8 23. Rb4 Rc7 24. b3 Kf7 25. Rb6 Rd7 26. h4 Ree7 27. f3 e3 28. g3 Kf6 29. c5 Ke5 30. c6 bxc6 31. dxc6 Ra7 32. Rb4 Kd5 33. Rxf4 Kxc6 34. Re4 Kb5 35. R1xe3 Rxe4 36. fxe4 Kxa5 37. Rd3 Kb4 38. Rxd6 Kxb3 39. e5 a5 40. e6 Re7 41. Rd7 Rxe6 42. Rxg7 h6 43. Rb7+ Kc4 44. Kf2 a4 45. Ra7 Kb4 46. Kf3 a3 47. Kf4 Rc6 48. Kf5 Rc5+ 49. Kf4 Ra5 50. Rb7+ Ka4 51. Rb1 a2 52. Ra1 Ka3 53. g4 Kb2 54. Rxa2+ Rxa2 55. g5 0-1